000 00303nam a2200121Ia 4500
005 20251222143148.0
008 251222s9999||||xx |||||||||||||| ||spa||
082 _a236.4/M26
100 _aMarie des Anges, Frére Francois
245 0 _aFatima:
264 _bInmaculate Heart Publications
942 _cLIB
999 _c12568
_d12568